5 majeur All-Time des franchises NBA (Est) - Statistiques

Statistiques générales
  • Ce quiz a été pris 21 fois
  • Le résultat moyen est 46 sur 105
Statistiques - réponses
Franchises Postes Joueurs % Correct
Arrière | Sixième Homme Michael Jordan
100%
Ailier Lebron James
94%
Ailier Scottie Pippen
94%
Ailier | Ailier Fort Dennis Rodman
89%
Bulls Meneur Derrick Rose
89%
Sixième Homme Joel Embiid
89%
Arrière Dwayne Wade
83%
Ailier Fort Giannis Antetokounmpo
83%
Arrière Allen Iverson
78%
Pivot Bill Russell
78%
Ailier Fort Chris Bosh
78%
Pistons Meneur Isaiah Thomas
78%
Ailier | Coach Larry Bird
78%
Pivot Kareem Abdul-Jabbar
72%
Cavaliers Meneur Kyrie Irving
72%
Arrière Demar Derozan
67%
Pivot Jermaine O'Neal
67%
Ailier Fort Kevin Love
67%
Pacers Meneur Mark Jackson
67%
Sixième Homme Paul Pierce
67%
Coach Phil Jackson
67%
Pivot Shaquille O'Neal
67%
Ailier Julius Erving
61%
Bucks Meneur Oscar Robertson
61%
Pivot Patrick Ewing
61%
Arrière Reggie Miller
61%
Sixième Homme Tyrese Haliburton
61%
Ailier Vince Carter
61%
Pivot Ben Wallace
56%
Ailier Dominique Wilkins
56%
Ailier Gerard Wallace
56%
Wizards Meneur John Wall
56%
Hornets Meneur Kemba Walker
56%
Raptors Meneur Kyle Lowry
56%
Magic Meneur Penny Hardaway
56%
Heat Meneur Tim Hardaway
56%
Pivot Wilt Chamberlain
56%
Pivot Brook Lopez
50%
Ailier Fort Moses Malone
50%
Pivot Alonzo Mourning
44%
Pivot Artis Gillmore
44%
Ailier Fort Bob Pettit
44%
Ailier Fort Dwight Howard
44%
Arrière Joe Johnson
44%
Ailier Fort Larry Johnson
44%
Ailier Marques Johnson
44%
Ailier Tracy McGrady
44%
Celtics Meneur Bob Cousy
39%
Pivot Dikembe Mutombo
39%
Nets Meneur Jason Kidd
39%
Arrière Joe Dumars
39%
Arrière John Havlicek
39%
Ailier Fort Kevin McHale
39%
Knicks Meneur Walt Frazier
39%
Ailier Bernard King
33%
Ailier Fort Buck Williams
33%
Coach Erik Spoelstra
33%
Sixième Homme Mark Price
33%
Ailier Paul George
33%
Arrière Sidney Moncrief
33%
Ailier Fort Willis Reed
33%
Ailier Fort Bill Laimbeer
28%
Arrière Dell Curry
28%
Arrière Gilbert Arenas
28%
Coach Pat Riley
28%
Coach Red Auerbach
28%
Coach Tyronn Lue
28%
Pivot Wes Unseld
28%
Sixième Homme Earl Monroe
22%
Sixième Homme Glenn Rice
22%
Arrière John Starks
22%
Pivot Zydrunas Ilgauskas
22%
Coach Billy Cunningham
17%
Sixième Homme Chauncey Billups
17%
Coach Chuck Daly
17%
Ailier Fort Dale Davis
17%
Coach Dwayne Casey
17%
Ailier Fort Elvin Hayes
17%
Sixième Homme Kenny Anderson
17%
Arrière Nick Anderson
17%
Sixième Homme Dennis Scott
11%
Coach Don Nelson
11%
Arrière Drazen Petrovic
11%
Hawks Meneur Lenny Wilkens
11%
76ers Meneur Maurice Cheeks
11%
Sixième Homme Michael Redd
11%
Arrière Austin Carr
6%
Ailier Bob Dandridge
6%
Sixième Homme Damon Stoudamire
6%
Sixième Homme Horace Grant
6%
Sixième Homme Pete Maravich
6%
Coach Stan Van Gundy
6%
Sixième Homme Udonis Haslem
6%
Coach Allan Bristow
0%
Pivot Andrea Bargani
0%
Coach Dick Motta
0%
Coach Kevin Loughery
0%
Coach Mike Fratello
0%
Aucun quiz correspondant
Distribution des résultats
% des personnes avec chaque résultat
Percentile par nombre de réponses
Votre historique - résultats
Vous n’avez pas pris ce quiz